000 00444nam a2200193Ia 4500
005 20250603145149.0
008 250603s9999 xx 000 0 und d
020 _a9781292020273
050 _aBF 76.5 .L39/
100 _aLeary, Mark R.
245 0 _aIntroduction to behavioral research methods
250 _a6th ed.
260 _aBoston
260 _bPearson
260 _c2014
300 _a394 p
650 _aBoston
942 _cBK
999 _c41062
_d41062